Engineering electromagnetics (Record no. 14309)

000 -LEADER
fixed length control field 00469nam a22001811 4500
001 - CONTROL NUMBER
control field 14309
003 - CONTROL NUMBER IDENTIFIER
control field BD-DhUET
008 - FIXED-LENGTH DATA ELEMENTS--GENERAL INFORMATION
fixed length control field 770802s1958 nyua 000 0 eng
040 ## - CATALOGING SOURCE
Original cataloging agency DLC
Transcribing agency OC
Modifying agency BD-DhUET
082 ## - DEWEY DECIMAL CLASSIFICATION NUMBER
Classification number 537.12
Item number HAY/1981
100 ## - MAIN ENTRY--PERSONAL NAME
Personal name Hayt, William H.
245 10 - TITLE STATEMENT
Title Engineering electromagnetics
250 ## - EDITION STATEMENT
Edition statement 1st ed.
260 ## - PUBLICATION, DISTRIBUTION, ETC. (IMPRINT)
Place of publication, distribution, etc. New York
Name of publisher, distributor, etc. McGraw-Hill Book
Date of publication, distribution, etc. 1958
300 ## - PHYSICAL DESCRIPTION
Extent xiii, 328 p.
Other physical details illus.
Dimensions 24 cm.
650 #0 - SUBJECT ADDED ENTRY--TOPICAL TERM
Topical term or geographic name as entry element Electromagnetic theory
942 ## - ADDED ENTRY ELEMENTS (KOHA)
Koha item type General Book
Holdings
Price effective from Source of classification or shelving scheme Koha full call number Koha date last seen Shelving location Copy number Koha item type Piece designation (barcode) Withdrawn status Lost status Koha normalized classification for sorting Date acquired Sublocation or collection (holding branch) Not for loan Location (home branch) Damaged status
2015-03-07 538.3/HAY/19582015-03-07Circulation section1General Book37281  538_300000000000000_HAY_19582015-03-07Central Library, BUET Central Library, BUET 
2015-03-07 538.3/HAY/19582015-03-07Circulation section2General Book13592  538_300000000000000_HAY_19582015-03-07Central Library, BUET Central Library, BUET 
2015-03-07 538.3/HAY/19582015-03-07Circulation section3General Book11521  538_300000000000000_HAY_19582015-03-07Central Library, BUET Central Library, BUET 
2015-03-18 537.12/HAY/19812015-03-18Circulation section4General Book55380  537_120000000000000_HAY_19812015-03-18Central Library, BUET Central Library, BUET